000 00616cam a2200145 4500500
005 20260208002353.0
041 _afre
042 _adc
100 1 0 _aBonte, Pierre
_eauthor
245 0 0 _aSalvatore D’Onofrio, L’Esprit de la parenté: Europe et horizon chrétien. Préface de Françoise Héritier, Paris, Éd. de la Maison des sciences de l’homme, 2004, 296 p., bibl., index, ill., tabl.
260 _c2005.
500 _a19
786 0 _nL'Homme | 175-176 | 3 | 2005-07-01 | p. 475zd-572zd | 0439-4216
856 4 1 _uhttps://shs.cairn.info/revue-l-homme-2005-3-page-475zd?lang=fr&redirect-ssocas=7080
999 _c1645999
_d1645999